Komparace politických systémů I.

Na minha lista:
Detalhes bibliográficos
Autor principal: Dvořáková, Vladimíra
Autor Corporativo: Vysoká škola ekonomická v Praze. Fakulta mezinárodních vztahů
Formato: Livro
Idioma:tcheco
Publicado em: Praha Oeconomica, Nakladatelství VŠE 2005
Edição:4. přeprac. vyd.
Assuntos:
Tags: Adicionar Tag
Sem tags, seja o primeiro a adicionar uma tag!

MARC

LEADER 00000nam$a2200000$$$4500
001 0063021
005 20221129082728.7
020 |a 80-245-0964-4 
041 0 |a cze 
044 |a CZ 
245 1 0 |a Komparace politických systémů I.  |c Vladimíra Dvořáková a kol. 
250 |a 4. přeprac. vyd. 
264 1 |a Praha  |b Oeconomica, Nakladatelství VŠE  |c 2005 
300 |a 263 s. 
610 2 0 |a systémy politické 
610 2 0 |a politológia 
610 2 0 |a politika 
610 2 0 |a analýza komparatívna 
610 2 0 |a porovnanie medzinárodné 
610 2 0 |a Francúzsko 
610 2 0 |a Spojené kráľovstvo 
610 2 0 |a USA 
610 2 0 |a Nemecko 
610 2 0 |a Švajčiarsko 
100 1 |a Dvořáková, Vladimíra 
710 2 |a Vysoká škola ekonomická v Praze. Fakulta mezinárodních vztahů